000 00669nam a22002417a 4500
999 _c8634
_d8634
001 1558030
003 GZU
005 20210521111556.0
008 911021s1990 rh 000 0 nde
010 _a 91980574
020 _a1779000081
040 _aDLC
_cDLC
050 0 0 _aPL8842 SIG 1990
100 1 _aSigogo, Ndabezinhle S.,
_d1932-
245 1 0 _aEtshabhini /
_cN.S. Sigogo.
260 _aHarare :
_bCollege Press,
_c1990.
300 _a172 p. ;
_c17 cm.
490 1 _aModern writers
830 0 _aModern writers (Harare, Zimbabwe)
906 _a7
_bcbc
_corignew
_du
_encip
_f19
_gy-gencatlg
942 _2lcc
_cBK
_h8842
_iSIG
_kPL
_m1990